|
|
|
|
| LEADER |
00000nam a2200000 a 4500 |
| 001 |
vtls001117510 |
| 003 |
SK-MaSNL |
| 005 |
20260301044749.0 |
| 008 |
250414s1983 xo 0 pol |
| 015 |
|
|
|a SNBA1984/02
|
| 020 |
|
|
|q (brož.)
|
| 035 |
|
|
|a SNK000060353
|
| 040 |
|
|
|a SNK
|b slo
|c SNK
|e AACR2
|
| 041 |
0 |
|
|a pol
|
| 044 |
|
|
|a xo
|c SK
|
| 080 |
|
|
|a 885.4-3(087.5)=84
|2 1981
|
| 100 |
1 |
|
|a Kardelisová-Hrúzová, Viera,
|d 1947-
|4 aut
|9 86338
|
| 245 |
1 |
0 |
|a Hej, jedziemy, jedziemy
|c Viera Kardelisová-Hrúzová ; Leon Kucinski, Viera Kardelisová-Hrúzová
|
| 250 |
|
|
|a 1. vyd.
|
| 260 |
|
|
|a Bratislava
|b Mladé letá
|c 1983
|
| 300 |
|
|
|a 12 s.
|c 20x16 cm
|
| 366 |
|
|
|e 50000 výtl.
|
| 500 |
|
|
|a Spoluvyd. ZOWAG, Warszawa. Tlač. v ČSSR.
|
| 700 |
1 |
|
|a Kuciński, Leon
|4 trl
|9 283102
|
| 700 |
1 |
|
|a Kardelisová-Hrúzová, Viera,
|d 1947-
|4 bkd
|9 86338
|
| 852 |
|
|
|a Slovenská národná knižnica
|
| 954 |
|
|
|a leporelá
|a literatúra pre deti a mládež
|
| 958 |
|
|
|a LX
|
| 958 |
|
|
|a DB
|
| 958 |
|
|
|a BQ
|
| 958 |
|
|
|a TL
|
| 958 |
|
|
|a UP
|
| 958 |
|
|
|a PL
|
| 958 |
|
|
|a OND
|
| 999 |
|
|
|c 596713
|d 598643
|
| 952 |
|
|
|a SNK
|b SNK
|y VYP
|7 0
|p 17A0519172
|o snkSD 55379 D1
|i snkKSP 10473/80
|0 0
|1 0
|4 0
|d 2006-08-08
|l 0
|r 2026-02-23 15:42:17
|w 2026-02-23
|